Представление документа в формате RUSMARC

ПолеНазваниеЗначение
  Тип записи a
  Библиографический уровень m
001 Контрольный номер RU/CBS_UL/BASE/d60bc0e8757943fbbd202361b9ed342d
005 Дата корректировки 20240717134551.6
010 Индекс ISBN __
a ISBN
b Уточнения в пер.
d Цена 45 к.
9 Тираж 250 000 экз.
100 Данные общей обработки __
a Данные общей обработки 20240717d 0rusy0189## ca
101 Язык документа 0_
a Язык текста rus
102 Страна публикации __
a Страна публикации RU
200 Заглавие и сведения об ответственности 1_
a Заглавие Роман-эпопея Л. Н. Толстого "Война и мир"
e Сведения, относящиеся к заглавию книга для учителя
f Первые сведения об ответственности Л. Д. Опульская
210 Выходные данные 1_
a Место издания Москва
c Издательство Просвещение
d Дата издания 1987
215 Физическое описание __
a Объем 174, [2] с.
d Формат 20 см.
300 Общие примечания __
a Общие примечания 12+
300 Общие примечания __
a Общие примечания Под инв. номером 25200: Цс-2, 1-1, 4с-1, 5н-1, 6-1, 8-2, 10-1, 12с-1, 15-2, 17-1, 18-2, 19-1, 21с-1, 36-1
606 Тематические рубрики 0_
a Основная рубрика Русская литература, 19 в. - Роман русский - Изучение в школе
610 Ключевые слова 0_
a Ключевые слова литература русская; классика; романы русские; проблемы романа-эпопеи; путь интеллигенции к народу; национальное единство
686 Индексы других классификаций __
2 Код системы rubbk
a Классификационный индекс 83.3(2Рос=Рус)1
700 Автор _1
a Фамилия Опульская
b Имя (инициалы) Л. Д.
g Полное личное имя Лидия Дмитриевна
801 Источник записи _0
a Страна RU
b Организация МБУК ЦБС г. Ульяновска
c Дата составления 20240717
g Правила каталогизации RCR
801 Источник записи _1
a Страна RU
b Организация МБУК ЦБС г. Ульяновска
c Дата составления 20240717
g Правила каталогизации RCR
852 Данные о местонахождении __
i Авторский знак О-62
j Шифр хранения 83.3(2Рос=Рус)1
901 Тип документа __
t Тип документа m
909 Создатель записи __
a Создатель записи obr6
b Дата создания записи 20240717